000 00918nam a2200265Ia 4500
001 67321
003 140452
005 20241218114720.0
008 ||||||n9999 ||| || ||
041 _aspa
100 _aVilaro Lopez, Olga Karina
_991401
245 0 _aEvaluacion del modelo de gerencia y gestion del programa de H.C.B. de la zona norte de Sincelejo, Sucre
260 _aBogotá :
_bEscuela Superior de Administración Pública - ESAP,
_c1998.
300 _a38h.
562 _e1
650 0 _aANÁLISIS ADMINISTRATIVO
_94467
650 0 _aAsistencia social
_910911
650 _aESPECIALIZACIÓN EN GERENCIA SOCIAL--TESIS Y DISERTACIONES ACADÉMICAS
_924038
650 0 _aModelo de gerencia
_959094
650 _aPROGRAMAS LOCALES
_991402
650 0 _aReforma administrativa
_9252
650 _aSUCRE (COLOMBIA)
_99004
650 _aTESIS Y DISERTACIONES ACADÉMICAS
_991403
942 _cTESIS
999 _c67321
_d67321